000 01139cam a2200289 a 4500
001 8781005
003 GBCCL
005 20241126110427.0
008 090203s2009 enk b 001 0 eng
020 _a9781851686506 (pbk.)
020 _a1851686509 (pbk.)
035 _a(OCoLC)ocn776020275
035 _a8781005
040 _aUKM
_cUKM
_dBWKUK
_dBWK
_dYDXCP
_dBWX
_dCDX
_dLNT
050 4 _aBL51
_b.T353 2009
082 0 4 _a210
_222
_bTAL
100 1 _aTaliaferro, Charles.
_94856
245 1 0 _aPhilosophy of religion :
_ba beginner's guide /
_cCharles Taliaferro.
260 _aOxford :
_bOneworld,
_c2009.
300 _axii, 215 p. ;
_c20 cm.
490 1 _aOneworld beginner's guides
504 _aIncludes bibliographical references (p. [202]-208) and index.
505 0 _aPhilosophical inquiry into religion -- Concepts of God -- Classical and contemporary arguments for God -- The problem of evil -- Divine action : miracles, the afterlife, and redemption -- Hinduism and Buddhism -- Morality, politics, and religion.
650 0 _aReligion
_xPhilosophy.
_91207
830 0 _aOneworld beginners' guides.
_94857
942 _2ddc
_cBK
_016
999 _c2352
_d2352